000 00686nam a22002177a 4500
001 21566
005 20260314170756.0
008 260314b |||||||| |||| 00| 0 spa d
041 _aESP
082 _aHR 289
_bV. 40 N° 2 ANTHROPOTES
100 _a,
110 _aPontificio Istituto Teologico Giovanni Paolo II Per le Scienze del Matrimonio e della Famiglia
245 _aAnthropotesrivista ufficiale del Pontificio Istituto Teologico Giovanni Paolo II Per le Scienze del Matrimonio e della Famiglia
260 _a :
_b ,
_c2024
300 _apáginas 165-313 :
_b ;
_c24 cm.
440 _a ;
650 _aGEN
654 _aCHU
700 _a;
942 _cLIB
_dJUS
_fJUS
_2ddc
999 _c21566
_d21566